MARC details
| 000 -LEADER |
| fixed length control field |
01577cam a2200373 a 4500 |
| 001 - CONTROL NUMBER |
| control field |
12545587 |
| 003 - CONTROL NUMBER IDENTIFIER |
| control field |
OSt |
| 005 - DATE AND TIME OF LATEST TRANSACTION |
| control field |
20160917104017.0 |
| 008 - FIXED-LENGTH DATA ELEMENTS--GENERAL INFORMATION |
| fixed length control field |
010926s2002 njua bi 101 0 eng |
| 010 ## - LIBRARY OF CONGRESS CONTROL NUMBER |
| LC control number |
2001051291 |
| 020 ## - INTERNATIONAL STANDARD BOOK NUMBER |
| International Standard Book Number |
0-8058-3494-X (cloth : alk. paper) |
| 040 ## - CATALOGING SOURCE |
| Original cataloging agency |
DLC |
| Transcribing agency |
DLC |
| Modifying agency |
DLC |
| 042 ## - AUTHENTICATION CODE |
| Authentication code |
pcc |
| 050 00 - LIBRARY OF CONGRESS CALL NUMBER |
| Classification number |
P118 |
| Item number |
.L373 2002 |
| 082 00 - DEWEY DECIMAL CLASSIFICATION NUMBER |
| Classification number |
DC 401.93 |
| Edition number |
2002 |
| Item number |
L26 |
| 245 00 - TITLE STATEMENT |
| Title |
Language, literacy, and cognitive development : |
| Remainder of title |
the development and consequences of symbolic communication / |
| Statement of responsibility, etc. |
edited by Eric Amsel, James P. Byrnes. |
| 260 ## - PUBLICATION, DISTRIBUTION, ETC. (IMPRINT) |
| Place of publication, distribution, etc. |
Mahwah, N.J. : |
| Name of publisher, distributor, etc. |
Lawrence Erlbaum Associates |
| Date of publication, distribution, etc. |
2002. |
| 300 ## - PHYSICAL DESCRIPTION |
| Extent |
xi, 270 pages : |
| Other physical details |
illustrations ; |
| Dimensions |
24 cm. |
| 365 ## - TRADE PRICE |
| Price amount |
5,943.00 |
| Currency code |
Php |
| 500 ## - GENERAL NOTE |
| General note |
Chapters of this book were originally presented at the 28th Annual Symposium of the Jean Piaget Society held from June 11-13, 1998, in Chicago, Ill. |
| 504 ## - BIBLIOGRAPHY, ETC. NOTE |
| Bibliography, etc |
Includes bibliographical references and indexes. |
| 650 #0 - SUBJECT ADDED ENTRY--TOPICAL TERM |
| Topical term or geographic name as entry element |
Language acquisition. |
| 650 #0 - SUBJECT ADDED ENTRY--TOPICAL TERM |
| Topical term or geographic name as entry element |
Communication. |
| 650 #0 - SUBJECT ADDED ENTRY--TOPICAL TERM |
| Topical term or geographic name as entry element |
Literacy. |
| 650 #0 - SUBJECT ADDED ENTRY--TOPICAL TERM |
| Topical term or geographic name as entry element |
Cognition in children. |
| 700 1# - ADDED ENTRY--PERSONAL NAME |
| Personal name |
Amsel, Eric. |
| 700 1# - ADDED ENTRY--PERSONAL NAME |
| Personal name |
Byrnes, James P. |
| 710 2# - ADDED ENTRY--CORPORATE NAME |
| Corporate name or jurisdiction name as entry element |
Jean Piaget Society. |
| Subordinate unit |
Symposium |
| Number of part/section/meeting |
(28th : |
| Date of meeting or treaty signing |
1998 : |
| Location of meeting |
Chicago, Ill.) |
| 710 2# - ADDED ENTRY--CORPORATE NAME |
| Corporate name or jurisdiction name as entry element |
Jean Piaget Society. |
| 856 42 - ELECTRONIC LOCATION AND ACCESS |
| Materials specified |
Publisher description |
| Uniform Resource Identifier |
<a href="http://www.loc.gov/catdir/enhancements/fy0634/2001051291-d.html">http://www.loc.gov/catdir/enhancements/fy0634/2001051291-d.html</a> |
| 906 ## - LOCAL DATA ELEMENT F, LDF (RLIN) |
| a |
7 |
| b |
cbc |
| c |
orignew |
| d |
1 |
| e |
ocip |
| f |
20 |
| g |
y-gencatlg |
| 942 ## - ADDED ENTRY ELEMENTS (KOHA) |
| Source of classification or shelving scheme |
Dewey Decimal Classification |
| Koha item type |
Circulation |